000 00258nam a22001217a 4500
008 170401b xxu||||| |||| 00| 0 eng d
041 _aeng
080 _a617
100 _a8
101 _aSHM
245 _aOPHTHALMOSCOPY
_cTHOMAS, B.A
942 _2udc
_cBK
999 _c9382
_d9382